| 000 | 00664nam a22001817a 4500 | ||
|---|---|---|---|
| 008 | 090727t xxu||||| |||| 00| 0 eng d | ||
| 020 | _a9772160390 | ||
| 040 |
_aEG-ScBUE _cEG-ScBUE |
||
| 082 |
_a297.14 _bب ل ت _222 |
||
| 245 |
_a:منهج عمر بن الخطاب فى التشريع _b/دراسة مستوعبة لفقه عمرو وتنظماته _cمحمد بلتاجى |
||
| 260 |
_a:القاهرة _b، مكتبة اتلشباب _c1998 |
||
| 300 |
_a 645 ؛ ص _c22سم |
||
| 600 |
_98165 _aعمر بن الخطاب (الخليفة) |
||
| 650 | _2BUEsh | ||
| 651 | _2BUEsh | ||
| 700 |
_98165 _aعمر بن الخطاب (الخليفة) |
||
| 942 |
_2ddc _cBB |
||
| 999 |
_c12433 _d12433 |
||